000 00989nam a2200253 i 4500
001 141076
003 ES-MaACL
005 20231218202822.0
007 t|
008 070919s1971 sp ||||1| spa d
080 _a930.253.1(460.353 S)Arch. Hist. Univ.
100 1 _aYsasi-Ysasmendi, Julia.
_9117718
245 1 0 _aGuía del Archivo Histórico Universitario /
_cpublicado por Julia Ysasi-Ysasmendi, Julia Herráez Sánchez de Escariche.
260 _aSevilla :
_b[Universidad de Sevilla],
_c1971.
300 _a176 p. :
_bil. ;
_c24 cm.
490 1 _aAnales de la Universidad Hispalense ;
_v7. Filosofía y Letras
610 2 4 _aUniversidad de Sevilla.
_bArchivo Histórico.
_97302
700 1 _aHerráez Sánchez de Escariche, Julia,
_d1904-
_963142
710 2 _aUniversidad de Sevilla.
_97301
830 1 _aAnales de la Universidad Hispalense ;
_v7. Filosofía y Letras
_9187329
852 4 _aES-MaACL
_jC-41281
852 4 _aES-MaACL
_jC-55557
999 _c141076
_d141076